000 00474nam a2200157Ia 4500
008 240729s9999 xx 000 0 und d
022 _a2234-1757
245 0 _aFisheries and Aquatic Sciences
260 _aKorea, Republic of
260 _bThe Korean Society of Fisheries and Aquatic Science
650 _a Aquaculture. Fisheries. Angling
650 _aAgriculture
856 _uhttps://doaj.org/toc/9645dad63a684ffb9cad73387ad1546e
942 _2ddc
942 _cDOAJEJ
999 _c68706
_d68706
945 _a1
_bMadushi Gamage
_c1
_dMadushi Gamage